| 000 | 00573nam a2200229Ia 4500 | ||
|---|---|---|---|
| 003 | OSt | ||
| 005 | 20230227161533.0 | ||
| 008 | 210210b2011 xxu||||| |||| 00| 0 eng d | ||
| 020 | _a9789327221909 | ||
| 040 | _cAL | ||
| 041 | _aeng | ||
| 082 | _a657.46 GAUI | ||
| 100 |
_aGAUR (V P) _973567 |
||
| 245 | _aIncome tax: law and practice assessment year 2012-2013 | ||
| 250 | _a40 Rev | ||
| 260 |
_aLudhiana _bKalyani Publishers _c2011 |
||
| 300 | _axxii,1070 | ||
| 690 |
_aIncome Tax _973568 |
||
| 700 |
_aNARANG (D B) _973569 |
||
| 906 | _a066638 | ||
| 942 |
_2ddc _cBK |
||
| 999 |
_c149127 _d149127 |
||